Catálogo

El viaje del héroe : (Registro nro. 19722)

Detalles MARC
000 -LEADER
fixed length control field 01433cam a2200373 i 4500
001 - CONTROL NUMBER
control field 19722
003 - CONTROL NUMBER IDENTIFIER
control field Mx-PuUPA
005 - DATE AND TIME OF LATEST TRANSACTION
control field 20250924112940.0
008 - FIXED-LENGTH DATA ELEMENTS--GENERAL INFORMATION
fixed length control field 140415s2011 sp gr 000 0 spa d
017 ## - COPYRIGHT OR LEGAL DEPOSIT NUMBER
Copyright or legal deposit number M. 14.652-2011
020 ## - INTERNATIONAL STANDARD BOOK NUMBER
International Standard Book Number 9788493780852
040 ## - CATALOGING SOURCE
Original cataloging agency Mx-PuUPA
Language of cataloging spa
Transcribing agency Mx-PuUPA
Modifying agency Mx-PuUPA
Description conventions rda
041 1# - LANGUAGE CODE
Language code of text/sound track or separate title spa
Language code of original eng
100 1# - MAIN ENTRY--PERSONAL NAME
Personal name Gilligan, Stephen G.,
Dates associated with a name 1954-
Relator term autor
9 (RLIN) 17375
240 14 - UNIFORM TITLE
Uniform title The hero´s journey : a voyage of self-discovery.
Language of a work Español
245 13 - TITLE STATEMENT
Title El viaje del héroe :
Remainder of title un camino de autodescubrimiento /
Statement of responsibility, etc. Stephen Gilligan y Robert Dilts ; traducción, Miguel Iribarren
250 ## - EDITION STATEMENT
Edition statement Primera edición /
Remainder of edition statement abril
264 #1 - PRODUCTION, PUBLICATION, DISTRIBUTION, MANUFACTURE, AND COPYRIGHT NOTICE
Place of production, publication, distribution, manufacture Barcelona :
Name of producer, publisher, distributor, manufacturer Rigden-Institut Gestalt,
Date of production, publication, distribution, manufacture, or copyright notice 2011
300 ## - PHYSICAL DESCRIPTION
Extent 312 páginas ;
Dimensions 24 cm
336 ## - CONTENT TYPE
Fuente rdacontent
Content type term texto
Content type code txt
337 ## - MEDIA TYPE
Source rdamedia
Media type term sin medio
Media type code n
338 ## - CARRIER TYPE
Source rdacarrier
Carrier type term volumen
Carrier type code nc
490 0# - SERIES STATEMENT
Series statement Colección Two win
500 ## - GENERAL NOTE
General note "Reimpresiones: (Cuarta, enero de 2023).
650 #7 - SUBJECT ADDED ENTRY--TOPICAL TERM
Source of heading or term armarc
Topical term or geographic name entry element Autorrealización
650 #7 - SUBJECT ADDED ENTRY--TOPICAL TERM
Source of heading or term armarc
Topical term or geographic name entry element Autorrealización (Psicología)
650 #7 - SUBJECT ADDED ENTRY--TOPICAL TERM
Source of heading or term armarc
Topical term or geographic name entry element Programación neurolingüistica
700 ## - ADDED ENTRY--PERSONAL NAME
Personal name Dilts, Robert,
Relator term autor
9 (RLIN) 14630
765 0# - ORIGINAL LANGUAGE ENTRY
Main entry heading Gilligan, Stepen
Title The hero´s journey : a voyage of sleft-discovery.
942 ## - ADDED ENTRY ELEMENTS (KOHA)
Source of classification or shelving scheme Dewey Decimal Classification
Koha item type Libro
Classification part 158.1
Item part G4618
Existencias
Withdrawn status Lost status Source of classification or shelving scheme Damaged status Not for loan Collection code Home library Current library Shelving location Date acquired Source of acquisition Total Checkouts Full call number Barcode Checked out Date last seen Date last checked out Price effective from Koha item type
    Dewey Decimal Classification     Magisterial Biblioteca Karol Wojtyla Biblioteca Karol Wojtyla Módulo de circulación 03/12/2013 Compra 1 158.1 G4618 2011 47179 28/08/2026 28/08/2025 28/08/2025 03/12/2013 Magisterial